[Event "Aerosvit 2007"]
[Site "Foros RUS"]
[Date "2007.06.20"]
[Round "3"]
[White "GM Svidler, Peter(RUS)"]
[Black "GM Dominguez Perez, Lenier(CUB)"]
[Result "1/2-1/2"]
[WhiteElo "2736"]
[BlackElo "2678"]
[Annotator "Ëåáåäåâ Âàñèëèé"]
[PlyCount "46"]
[EventDate "2007.??.??"]

{Îïÿòü íå ïîëó÷èëîñü áîðüáû â ïàðòèè Ïåòðà Ñâèäëåðà. Íàâåðíîå, åãî, êàê è
èãðîêîâ ÖÑÊÀ, òðóäíî íàñòðîèòü íà «îáû÷íûõ» øàõìàòèñòîâ. À âîò â Ìåêñèêå...
} 1. d4 d5 2. c4 dxc4 {Äåáþò îïðåäåëèëñÿ - ïðèíÿòûé ôåðçåâûé, è ñîïåðíèêè
íà÷àëè èñïîëíÿòü ñâîè äîìàøíèå íàðàáîòêè.} 3. Nf3 Nf6 4. e3 e6 5. Bxc4 a6 6.
Qe2 c5 7. dxc5 Bxc5 8. O-O Nc6 ({Ïàðî÷êà ïàðòèé èãðîêîâ ñ ãðîìêèìè èìåíàìè:} 
8... b5 9. Bd3 Nc6 10. Rd1 (10. Nbd2 O-O 11. Nb3 Bd6 12. e4 Qc7 13. h3 Bb7 14.
Bg5 Rac8 15. Rac1 Qb8 16. Rfd1 Ne5 17. Nxe5 Bxe5 18. Nc5 h6 19. Be3 Rfd8 20. b4
Nd7 21. Nxb7 Qxb7 22. Rxc8 Rxc8 23. a4 Rb8 24. axb5 axb5 25. Rc1 Bd6 26. Qd2
Ne5 27. Be2 Rd8 28. Kh1 Qxe4 29. Bxb5 Qxb4 30. Qxb4 Bxb4 31. Be2 Ng6 32. Rd1
Rxd1+ 33. Bxd1 Ne7 34. g3 Nd5 {
1/2 Ivanchuk,V (2711) - Anand,V (2752)/Prague 2002}) 10... Qb6 11. Nbd2 Bb7 12.
Nb3 O-O 13. Nxc5 Qxc5 14. Bd2 Rfd8 15. Rac1 Qh5 16. e4 Rac8 17. h3 Nd7 18. Qe3
Nce5 19. Be2 Nc4 20. Bxc4 bxc4 21. Bc3 Nc5 22. Rxd8+ Rxd8 23. Nd2 Nd3 24. Rb1
Qb5 25. b3 Qc5 26. Qg3 e5 27. Nxc4 Bxe4 28. Rd1 f6 29. Ba5 Rd5 30. Bb6 Qc6 31.
f3 Nf4 32. Qe1 Bd3 33. Be3 Bxc4 34. Bxf4 Bxb3 35. axb3 Rxd1 36. Qxd1 exf4 37.
Qd4 g5 38. Kh2 Kg7 39. b4 Kg6 40. Qd3+ Kg7 41. Qd4 h5 42. Qd3 Qb5 43. Qd4 Kg6
44. Qe4+ Qf5 45. Qe8+ Kg7 {
(1/2 Anand,V (2725) - Rublevsky,S (2610)/Moscow 1996)}) 9. e4 b5 10. Bb3 Nd4
11. Nxd4 Qxd4 12. Be3 Qe5 ({Áèòü íà å4 -} 12... Qxe4 $6 {- , çíà÷èò
ïîäâåðãàòü ñåáÿ îïàñíîñòè íàðâàòüñÿ íà óñèëåíèå â ñëåäóþùåì «ôîðñàæå»:} 13.
Nd2 Qf5 14. g4 Qe5 15. Nf3 Qe4 16. Ng5 Qc6 17. Rac1 Bb7 18. f3 Bxe3+ 19. Qxe3
Qd6 (19... Qd7 20. Nxe6 $1) 20. Nxe6 $1 fxe6 21. Bxe6 Kf8 22. Rfd1 Qe7 23. g5 {
, êîòîðûé âïåðâûå âñòðåòèëñÿ â ïàðòèè Timman,J (2630) - Lautier,J (2630)/Ubeda
1997, çàêîí÷èâøåéñÿ âíè÷üþ.}) 13. Bxc5 Qxc5 14. Nc3 Bb7 15. Rac1 Rc8 16. Qd2
Qb4 {Äî ñèõ - ïîâòîð óæå èãðàííîãî - äàâíåé ïàðòèè Ðàäæàáîâ-Êàñïàðîâ.
Ñëåäóþùèé õîä áåëûõ - ôîðìàëüíî íîâèíêà, íî îí óæå ðàññìàòðèâàëñÿ
êîììåíòàòîðàìè.} 17. e5 $146 ({Óïîìÿíóòàÿ ïàðòèÿ ïðîäîëæàëàñü òàê:} 17. Rfd1
O-O 18. f3 Rc7 19. Ne2 Qxd2 20. Rxd2 Rxc1+ 21. Nxc1 Rc8 22. Rc2 Nd7 23. Nd3 Kf8
24. Kf2 Ke7 25. Rxc8 Bxc8 26. e5 f6 27. exf6+ gxf6 28. f4 a5 29. Ke3 h6 30. a3
Kd6 31. g4 e5 32. h4 exf4+ 33. Kxf4 Nc5 34. Bc2 Nxd3+ 35. Bxd3 b4 36. axb4 axb4
37. Bf5 Bb7 38. Bc2 Bc8 39. Bf5 Bb7 {
(1/2 Radjabov,T (2624) - Kasparov,G (2847)/Linares 2003).}) 17... Ng4 $1 {
Âîò îíà - íàñòîÿùàÿ íîâèêà!} ({
Êîììåíòèðóÿ áèòâó äâóõ áàêèíöåâ Õóçìàí ðàññìàòðèâàë òîëüêî} 17... Nd7 {
, íî òîãäà ïîñëå} 18. Rfd1 $1 Nc5 (18... Nxe5 $2 19. f4 $18) 19. Bc2 O-O 20.
Nd5 Qxd2 21. Ne7+ Kh8 22. Rxd2 Rc7 23. Bd1 Rxe7 24. Rxc5 $14) ({
Êàê ìíå êàæåòñÿ, â ýòîò àíàëèç ìîæíî âíåñòè íåêîòîðûå ïðàâêè:} 17... Nd7 18.
Rfd1 Nc5 (18... Nb8 $5 19. Qe3 O-O 20. Rd4 $36) ({èëè} 18... Rd8 $5 19. Qe3 O-O
20. Rd4 $36) {È òåïåðü î÷åíü ñèëüíî} 19. Qd6 $1 ({âìåñòî} 19. Bc2 $5) 19...
Qg4 (19... Qh4 20. Nxb5 $1) 20. g3 Qf3 21. Nd5 $1 exd5 22. Bxd5 $1 ({
âèäèìî, ïîñëàáåå} 22. Rxc5 {, ïðàâäà, ÷òîáû äîêàçàòü ýòî, îò ÷¸ðíûõ
òðåáóåòñÿ èñêëþ÷èòåëüíî òî÷íàÿ è ñìåëàÿ èãðà:} Rxc5 (22... Rd8 23. Qb6 Ba8
24. Rdxd5 $1) ({èëè (ïîñëå} 22... Rd8 23. Qb6 {)} d4 24. Bxf7+ $1) 23. e6 $1 (
23. Qxc5 $4 d4) 23... fxe6 (23... Qf6 24. Re1) 24. Qxe6+ Kd8 (24... Kf8 25. Re1
$18) 25. Qd6+ Kc8 26. Qxc5+ Kb8 27. Qd6+ Ka7 28. Qd7 Rc8 $1 (28... Rf8 29.
Qxb7+ $1) 29. Qxb7+ $1 Kxb7 30. Bxd5+ Qxd5 31. Rxd5 Rc2 {
- «ëàäåéíèê» êàæåòñÿ íè÷åéíûì}) 22... Bxd5 23. Qxd5 ({íî íå} 23. Rxd5 $4
Qxf2+ $3 24. Kxf2 Ne4+ 25. Ke3 Nxd6 $19) 23... Qxd5 24. Rxd5 Ke7 25. Rdxc5 Rxc5
26. Rxc5 {- ëèøíÿÿ ïåøêîé ëèøíåé íå áûâàåò!}) {
Ìîæåò áûòü, ðåàêöèÿ áåëûõ íà ïðûæîê êîíÿ áûëà íå ëó÷øåé -} 18. Qg5 {
, íî ñòîèò ïðèçíàòü, ÷òî î÷åíü íàä¸æíîé.} ({
Íî ñóëèëî ëè áîëüøåå èãðà ïî öåíòðó -} 18. Rfe1 $5 O-O 19. Rcd1 {?}) 18... O-O
({Çàìàí÷èâî âûãëÿäèò} 18... h6 $5 {â íàäåæäå íà} 19. Qxg7 $2 Ke7 $1 20. Nd5+
$8 (20. h3 Rcg8 $19) 20... Bxd5 ({ïåðåêðûâàòü îáçîð ñâîåìó ñëîíó íåëüçÿ:} 20...
exd5 $2 21. Rxc8 Rxc8 22. h3 $14) 21. Rxc8 Rxc8 22. Bxd5 Qf4 $1 ({ñëàáåå} 22...
exd5 23. h3 {, ïåðåâîäÿ èãðó â òÿæ¸ëûé, íî «ëàäåéíèê» -} Rc6 24. Qxg4 Qxg4
25. hxg4 Rc2 {è ò.ä.}) 23. g3 Qd4 24. Bg2 ({ïîñëå} 24. Bb3 $4 {íàñ îæèäàåò} Rc1
$3) 24... Rc2 25. h3 Nxe5 ({ïëîõî, êîíå÷íî,} 25... Nxf2 26. Qf6+) ({
íî ìîæíî çàôèêñèðîâàòü íè÷üþ -} 25... Rxf2 26. hxg4 Rxf1+ 27. Kxf1 Qd1+ 28.
Kf2 Qd4+) 26. Qxh6 Rxb2 $17) ({Íî, ðàçóìååòñÿ, âñÿ ýòà çàìàí÷èâîñòü
îáðóáàåòñÿ åù¸ íà ñòàäèè äîìàøíåãî àíàëèçà:} 18... h6 19. Qh5 $1 g6 $8 (19...
O-O 20. h3 $18) 20. Qh4 (20. Qh3 h5 $36) {È íàäî êîìáèíèðîâàòü -} 20... Bxg2 $1
(20... g5 21. Qg3 {
ïîñëå íåóäàâøåãîñÿ íàñòóïëåíèÿ ó ÷¸ðíûõ ñëèøêîì ìíîãî ñëàáîñòåé}) 21. Kxg2
Ne3+ 22. Kh3 $1 Qxh4+ 23. Kxh4 {Ñ òàêèì êîðîë¸ì áåëûì ñàì ÷¸ðò íå áðàò! ;)}
Nxf1 24. Rxf1 Ke7 {- ïîçèöèÿ, êàê ìèíèìóì, èãðîâàÿ...}) 19. h3 Nh6 20. Ne2 Nf5
$11 21. Rxc8 Rxc8 22. Rd1 h6 23. Qg4 Qe4 ({Ìîæåò áûòü ïîñëå} 23... Qe7 $5 24.
Nf4 a5 $1 {ïîëîæåíèå ÷¸ðíûõ è ïîëó÷øå...}) ({
Ãì-ì... À òåïåðü óæå ðåøåíèå áåëûõ êàæåòñÿ ìíå ïðåæäåâðåìåííûì -} 23... Qe4 $6
{âñ¸ æå, ñòîèëî åù¸ íåìíîãî  ïîäâèãàòü ôèãóðêè:} 24. Qxe4 Bxe4 25. f3 {
... Àõ, âîò â ÷¸ì äåëî: ñëîí íå îáÿçàí îòñòóïàòü -} Ne3 $1 26. Rc1 ({ïëîõî} 
26. Rd6 $2 Bd5 27. Kf2 Nf5 28. Rxa6 Bxb3 29. axb3 Rc2 {
è, ïîêà áåëûå èùóò çàùèòó îò Nd4, ÷¸ðíûé êîíü ïðîÿâëÿåò èåçóèòñêîå êîâàðñòâî -
} 30. Ra8+ Kh7 31. Rd8 Rxb2 32. Rd7 Nh4 33. Rxf7 $2 Nxg2 $1 {è ò.ä.}) 26...
Rxc1+ 27. Nxc1 Bc2 $11) 1/2-1/2

[Event "Aerosvit 2007"]
[Site "Foros"]
[Date "2007.06.20"]
[Round "3"]
[White "GM Nisipeanu, Liviu-Dieter(ROM)"]
[Black "GM Eljanov, Pavel(UKR)"]
[Result "0-1"]
[WhiteElo "2693"]
[BlackElo "2686"]
[Annotator "Ëåáåäåâ Âàñèëèé"]
[PlyCount "75"]
[EventDate "2007.??.??"]

1. d4 Nf6 2. c4 e6 3. Nf3 b6 4. g3 Ba6 5. Qc2 Bb4+ ({Ñòàòèñòèêà çíàåò âñ¸.} 
5... c5 {- 334 ïàðòèè}) (5... Bb7 {- 224. À õîä â òåêñòå ïðèìåíÿëñÿ 97 ðàç.
Âûâîä - ìû âèäèì íîâîèíäèéñêóþ ðåäêîñòü.}) 6. Bd2 {È êîëè÷åñòâî
ïàðòèé-ïðåäøåñòâåííèö íà÷èíàåò ñîêðàùàòüñÿ â ãåîìåòðè÷åñêîé ïðîãðåññèè.} Be7
{Âîò èõ óæå 49...} 7. e4 {À âîò - âñåãî 4...} d5 8. Nc3 $146 {À âîò - è íå
îäíîé! Ïîñëå ïîëó÷àñîâîãî îáäóìûâàíèÿ ðóìûíñêèé ãðîññìåéñòåð ðåøèë ñûãðàòü
ãàìáèò!} ({Ïðèâëåêàòåëüíûì êàæåòñÿ} 8. cxd5 Bxf1 9. Kxf1 exd5 {
è áåëûì óäàëîñü ðåàëèçîâàòü ïåðåâåñ:} 10. e5 Ne4 11. Nc3 Nxc3 12. Bxc3 Qd7 13.
Kg2 Nc6 14. h4 Nd8 15. Nh2 O-O 16. f4 f5 17. exf6 gxf6 18. Rhe1 Nf7 19. Qe2
Rae8 20. Qh5 Bd8 21. Bb4 Be7 22. Qg4+ Qxg4 23. Nxg4 Nd6 24. Bxd6 cxd6 25. Nh6+
Kh8 26. Nf5 Bd8 27. Rxe8 Rxe8 28. Rc1 {
(1-0 Williams,S (2473)-Jenni,F (2521)/Fuegen 2006)}) 8... Bxc4 9. Bxc4 ({
Ïîíÿòíî, íàä ÷åì äóìàë Ëèâèó-Äèòåð, ïî÷åìó îí çàëåç â öåéòíîò. Íàïðèìåð,
ñåé÷àñ óæàñíî ñîáëàçíèòåëüíûìâûãëÿäåëî} 9. e5 $5 {
è íàäî ñ÷èòàòü. Âîò ÷òî ìû ñ ðûáêîé íàñ÷èòàëè:} Ne4 $1 (9... Bxf1 10. exf6
Bg2 11. fxg7 Rg8 12. Qxh7 Rxg7 13. Qxg7 Bxf3 (13... Bxh1 $4 14. Ne5 $18) 14.
O-O $16) (9... Nfd7 10. Bxc4 dxc4 11. Qa4 $36) 10. Bxc4 ({ñëàáåå} 10. Nxe4 Bxf1
11. Kxf1 dxe4 12. Qxe4 Qd5 13. Qxd5 exd5 14. Rc1 $14) 10... Nxc3 (10... Nxd2
11. Bb5+ $1) 11. Bd3 $1 Ne4 12. Be3 {, ñîõðàíÿÿ äâóõ ñëîíîâ è âèäû íà àòàêó.})
9... dxc4 10. O-O-O $5 {
Ãàìáèò! Äëèííàÿ ðîêèðîâêà! Ñåðäöå áü¸òñÿ ÷àñòî-÷àñòî...} ({
Íî ÿâíî ëó÷øå, áåçîïàñíåå è ïåðñïåêòèâíåå ïðîñòîå} 10. Qa4+ Qd7 11. Qxc4 $14)
10... c6 11. Bf4 Na6 {Íåòî÷íîñòü.} ({Ñèëüíåå} 11... O-O $1 {
âîçâðàùàÿ íàçàä ïåøêó, íî ïîëó÷àÿ áîëåå ïåðñïåêòèâíóþ ïîçèöèþ:} 12. Bxb8
Rxb8 13. Ne5 Qc7 14. Nxc4 b5 15. Ne3 c5 $40 {è ò.ä.}) 12. a3 $6 {Ïîÿâëåíèÿ êîíÿ
íà b4 áîÿòüñÿ íå íàäî áûëî. Íàäî áûëî ýòî ïîÿâëåíèå ïðîñòî ïðèâåòñòâîâàòü!} ({
Ïî÷åìó íå} 12. Ne5 $1 {è äàëåå} Nb4 (12... Qc7 $2 13. Nxf7 $1) (12... O-O 13.
Nxc4) 13. Qe2 b5 14. a3 {è æåðòâà} a5 {íå êàæåòñÿ êîððåêòíîé} (14... Nd3+ 15.
Nxd3 cxd3 16. Rxd3 $36) 15. axb4 axb4 16. Nb1 $14) 12... b5 13. Ne5 {
Íà õîä ïîçæå - è íèêàêîãî ýôôåêòà...} Qc8 14. Bg5 ({Íåò, ÷òåíèå êíèãè ïðî
Âëàäèìèðà Êðàìíèêà «Ïðîðûâ» íàäî âìåíèòü â îáÿçàííîñòü äëÿ ãðîññìåéñòåðîâ -} 
14. d5 $5 cxd5 15. exd5 exd5 16. Nxd5 (16. Rhe1 $5) ({
íè ê ÷åìó êîíêðåòíîìó íå âåä¸ò, ê ñîæàëåíèþ,} 16. Rxd5) 16... Nxd5 17. Rxd5
Nc7 18. Rd7 f6 19. Rxc7 Qxc7 20. Qe4 $1 fxe5 21. Qxa8+ Qd8 22. Qxd8+ Bxd8 23.
Bxe5 $11 {Âîò è íå ïðîèãðàëè...}) 14... O-O 15. h4 Rb8 {
Íà ãëàçîê ÷¸ðíûå ãîðàçäî áîëüøå ïðåóñïåëè â ïîäãîòîâêå ñâîåãî íàñòóïëåíèÿ.}
16. Qe2 Qb7 {Âîò è òÿæåëîôèãóðíàÿ áàòàðåÿ çàìàñêèðîâàíà â êóñòàõ...} 17. h5 h6
$1 {«Àòàêà» áåëûõ çàêîí÷åíà.} 18. Bf4 ({Äàæå â ïóëå íå ïðîéä¸ò} 18. Bxh6
gxh6 19. Qd2 Kh7 $19) 18... c5 $5 ({Õèòðåå âûãëÿäåëî «çåâàþùåå» îòñêîê êîíÿ
} 18... Rfd8 $5 {, íàïðèìåð} 19. Ng4 $6 ({íî ëó÷øå} 19. Rhg1 $5) 19... Nxg4
20. Bxb8 Rxb8 21. Qxg4 b4 $19 {, òî åñòü:} 22. axb4 Nxb4 23. Rd2 Nd3+ 24. Kd1
Qb3+ 25. Ke2 Bb4) 19. d5 b4 $19 {
×¸ðíûé âðàã óæå íà ïîðîãå, à áåëûå òàê è íå ñîçäàëè íè÷åãî êîíêðåòíîãî.} 20.
Na4 ({Ëèøü äëÿ ñïðàâêè ïðèâîäèòñÿ} 20. dxe6 bxc3 21. exf7+ Kh7 22. Nxc4 cxb2+
23. Qxb2 (23. Nxb2 c4 $1) 23... Qxe4 $19) 20... bxa3 21. Qxc4 exd5 22. exd5 Nb4
23. bxa3 Nbxd5 24. Kc2 {Ãäå-òî çäåñü ÿ îáðàòèë âíèìàíèå íà ïîêàçàíèÿ ÷àñîâ:-
0.06 - 0.46, «çàòî» ïîçèöèÿ áåëûõ ïðàêòè÷åñêè áåçíàä¸æíà.} Nxf4 ({
Òî÷íåå áûëî} 24... Nc7 $1 {
è ïîÿâëåíèå êîíÿ íà b5 âûçûâàåò îêîí÷àòåëüíûé «êðèçèñ».}) 25. gxf4 Qc8 ({
Rybka ïðåäëàãàåò êàêîå-òî ñîâñåì óæ ìåðêàíòèëüíîå} 25... Bd6 $1 26. Rhe1 (26.
Rxd6 Qxh1) 26... Bxe5 27. fxe5 Nxh5 $19) 26. Rd3 Rb7 {
Ñûãðàíî ñ óìûñëîì, ÷òîáû êîíü ñ ñ6 ëÿãàë êîïûòîì ïóñòîòó} (26... Qf5 27. Nc6
Rbe8) 27. Re1 Nxh5 {Âòîðàÿ ëèøíÿÿ - äîïîëíèòåëüíàÿ ãàðàíòèÿ ïîáåäû.} 28. Ng6 {
Îñòàëüíûå õîäû áåëûå äåëàëè óæå â ðåæèìå «ïóëè».} Re8 29. Rd5 Nf6 (29... Qg4
$1) 30. Rde5 ({Áîëåå óïîðíûì êàæåòñÿ} 30. Nxe7+ Rbxe7 31. Rxe7 ({èëè} 31. Rxc5
Qxc5 32. Nxc5 Rxe1) 31... Nxd5 32. Rxe8+ Qxe8 33. Nxc5 Qc6 {è ò.ä.}) 30... Bd6
31. Rxe8+ Nxe8 32. Qd5 Qd7 {Ôîðñèðóÿ ðàçìåíû.} 33. Nxc5 {À êîíü íà g6 ñòîèò,
÷óòü äûøà: àâîñü íå çàìåòÿò, àâîñü ïðîíåñ¸ò, àâîñü íå ñúåäÿò.} Bxc5 34. Qxd7
Rxd7 35. Rxe8+ Kh7 36. Ne5 {
Ïðîíåñëî, íå çàìåòèëè, íå ñúåëè! Íó õîòü òàêàÿ ëîêàëüíàÿ, ëîøàäèíàÿ ðàäîñòü...}
{Îäíàêî ñëåäóåò} Rc7 {, è «ìíîãà ïåøêîôô» áåëûì íå çàùèòèòü.} 37. Kb3 Bxf2
38. Rg8 {Ýòî õîä, ïî èäåå ñëåäîâàëî áû âûðåçàòü, íî îí áûë ñäåëàí... Êàê ïèòü
äàòü, áåëûå ïðîñðî÷èëè âðåìÿ.} 0-1

[Event "Aerosvit-2007"]
[Site "Foros"]
[Date "2007.06.20"]
[Round "3"]
[White "GM Onischuk, Alexander"]
[Black "GM Jakovenko, Dmitry"]
[Result "1/2-1/2"]
[WhiteElo "2663"]
[BlackElo "2708"]
[Annotator "Êðîéòîð Ìèõàèë"]
[PlyCount "87"]
[EventDate "2007.06.18"]

1. d4 Nf6 2. c4 e6 3. Nf3 d5 4. Nc3 dxc4 5. e4 Bb4 6. Bg5 c5 7. e5 cxd4 8. Nxd4
({Â ïðîøëîì ãîäó ßêîâåíêî óñïåë ïðîèãðàòü â äðóãîì âàðèàíòå:} 8. Qa4+ Nc6 9.
O-O-O Bd7 10. Ne4 Be7 11. exf6 gxf6 12. Bh4 Rc8 13. Kb1 Na5 14. Qc2 e5 15. Nxd4
exd4 16. Rxd4 Qb6 17. Rd5 Be6 18. Rh5 Bg4 19. Qa4+ Nc6 20. Rb5 Qd4 21. f3 Be6
22. Bf2 Qd7 23. Bxc4 Bxc4 24. Qxc4 O-O 25. Bh4 f5 26. Bxe7 Qxe7 27. Rxf5 Qe6
28. Qxe6 fxe6 29. Rxf8+ Kxf8 30. Ng5 Ke7 31. Re1 e5 32. f4 Rg8 33. g3 Kf6 34.
Ne4+ Kg6 35. fxe5 Nxe5 36. Nd6 Nf3 37. Re6+ Kh5 38. Re7 h6 39. Ne4 Kg6 40. h3
Ng1 41. Rxb7 Nxh3 42. Rxa7 Kf5 43. Re7 Rg4 44. Nd6+ Kf6 45. Re3 Ng5 46. b3 Rd4
47. Nc4 Ne6 48. Kc2 Rg4 49. Kc3 Nc7 50. Nb6 Nb5+ 51. Kb2 Nd6 52. a4 Nf5 53. Rf3
Ke6 54. a5 Nd4 55. Re3+ Kd6 56. a6 Nc6 57. Rc3 Rg8 58. Ka3 Na7 59. Ka4 Re8 60.
b4 h5 61. b5 Rh8 62. Ka5 Rg8 63. Rd3+ {
(1-0 Riazantsev,A (2594) - Jakovenko,D (2662)/Moscow RUS 2006).}) 8... Qa5 9.
exf6 Bxc3+ 10. bxc3 Qxg5 11. fxg7 Qxg7 12. Qd2 O-O 13. Bxc4 Rd8 14. Qe3 Bd7 15.
O-O Nc6 16. Nf3 Ne7 17. Ne5 Ng6 18. f4 Nxe5 19. fxe5 Bc6 20. g3 Rd7 21. Rf6
$146 (21. Rf4 Kh8 22. Raf1 Rad8 23. Be2 Qg5 24. h4 Qh6 25. Qf2 Rd2 26. Rxf7 Rg8
27. Rf4 Rxa2 28. Qe3 Qg6 29. g4 Qh5 30. Qf2 Rxe2 31. Qxe2 Qxh4 32. Qh2 Rxg4+
33. Rxg4 Qxg4+ 34. Kf2 Qf3+ 35. Kg1 Qg4+ 36. Kf2 Qf3+ 37. Kg1 Qe3+ 38. Qf2 Qg5+
39. Kh2 Qxe5+ 40. Qg3 Qxg3+ 41. Kxg3 Kg7 42. Kf4 Kf6 43. Ke3+ Ke5 44. c4 Kd6
45. Rf7 Kc5 46. Kd3 Kb4 47. Rxh7 e5 48. Rh5 e4+ 49. Kd4 a5 50. Rh1 Kb3 51. Rh3+
Kc2 52. Rh2+ Kd1 53. Rh1+ Ke2 54. Rh2+ Ke1 55. Rh1+ Kf2 56. Rh2+ Kg1 57. Rh8 a4
58. Ke3 Kg2 59. Rg8+ Kh3 60. Rg1 Kh4 61. Kf4 Kh5 62. Rg5+ Kh4 {
(1/2 Shulman,Y (2576)-Van Wely,L (2655)/Ledyards USA 2006).}) (21. Be2 Kh8 22.
Rad1 Rad8 23. Rd4 Rd5 24. Rff4 Qg5 25. h4 Qe7 26. Bd3 Rg8 27. Rf6 Rxd4 28. cxd4
Rg4 29. Qf2 Qb4 30. Rxf7 Qxd4 31. Qxd4 Rxd4 32. Bxh7 Rd1+ 33. Kf2 Rd2+ 34. Ke1
Rg2 35. Bg6 Rxg3 36. h5 Kg8 37. Rf6 Bd5 38. h6 Rh3 39. Bc2 Be4 40. Bxe4 Re3+
41. Kd2 Rxe4 42. Rxe6 Kf7 43. Kd3 Re1 44. Rf6+ Ke7 45. Kd4 Ra1 46. Rf3 Rh1 47.
Rf6 Ra1 48. Ke4 Rxa2 49. Kf5 Rg2 50. h7 Rh2 51. Kg6 {
(1-0 Kempinski,R (2579) - Wells,P (2499)/Dresden GER 2007).}) ({
Ïðåäâèäÿ èãðó ÷¸ðíûõ ìîæíî èãðàòü} 21. Rf2 $5 Rad8 22. Raf1 {
, ïðåïÿòñòâóÿ âòîðæåíèþ íà âòîðóþ ãîðèçîíòàëü è ñäâàèâàÿ ëàäüè.}) 21... Rad8
22. Be2 Rd2 23. Rf4 {Ïîõîæå íà ïîòåðþ òåìïà.} ({
Âïðî÷åì, â ïðîäîëæåíèè ïëàíà âûïàäàëà íè÷üÿ -} 23. Raf1 R8d3 24. Qxd3 Rxd3
25. Bxd3 Qg5 26. Bxh7+ Kh8 27. Rxf7 Qe3+ 28. R1f2 Qe1+ 29. Rf1 Qe3+ $11) 23...
Kh8 24. Rd4 R2xd4 ({À åñëè îñòàòüñÿ «â òûëó âðàãà»?} 24... R8xd4 25. cxd4 Rb2
{- ïîëîæåíèå ÷¸ðíûõ ôèãóð áîëåå àêòèâíî.}) 25. cxd4 f5 26. exf6 Qxf6 27. Rd1
Bd5 $6 {Ïîçâîëÿåò ëàäüþ ïåðåâåñòè íà óäîáíóþ ïîçèöèþ.} ({Ïîñëå} 27... Kg7 $1
{âñòóïàë â áèòâó êîðîëü, è áåëûå ôèãóðû îñòàâàëèñü íåñêîëüêî ñâÿçàííûìè...})
28. Rf1 Qg7 29. Rf4 Rf8 30. Rh4 ({Ïîñëå} 30. a3 Rxf4 31. Qxf4 a6 32. Qb8+ Qg8
33. Qe5+ Qg7 34. Bd3 Kg8 35. Qxg7+ Kxg7 {ïîëó÷àåòñÿ íè÷üÿ.}) 30... Rf7 31. a3
b6 32. Rg4 Qf6 33. h4 a5 34. Rf4 Qg7 35. Rg4 Qf6 36. Rf4 Qg7 37. Rxf7 (37. Bd3
$5 Rxf4 38. Qxf4 Kg8 $14 {áåëûå ðàñïîëîæåíû áîëåå àêòèâíî.}) 37... Qxf7 38.
Qe5+ Kg8 39. Qb8+ Qf8 40. Qxb6 ({Èëè} 40. Qxf8+ Kxf8 41. Bd3 h6 42. Kf2 Ke7 43.
Ke3 $11) 40... Qxa3 41. Qd8+ Kg7 42. Qg5+ Kf8 43. Qf6+ Kg8 44. Qg5+ {
Âå÷íûé øàõ.} 1/2-1/2